[Event "Pardubice rapid op 34th"]
[Site "Pardubice"]
[Date "2023.07.20"]
[Round "7"]
[White "Sichrovsky, Tomas"]
[Black "Jires, Jiri"]
[Result "0-1"]
[WhiteElo "1892"]
[BlackElo "2144"]
[PlyCount "82"]
[EventDate "2023.07.19"]
[EventType "swiss (rapid)"]
[EventRounds "9"]
[EventCountry "CZE"]
[SourceTitle "CBM 215 Extra"]
[Source "ChessBase"]
[SourceDate "2023.09.30"]
[SourceVersion "1"]
[SourceVersionDate "2023.09.30"]
[SourceQuality "1"]

1. d4 d5 2. c4 dxc4 3. e4 e5 4. Nf3 exd4 5. Bxc4 Bb4+ 6. Nbd2 Be6 7. Qa4+ Nc6 8. Bb5 Bxd2+ 9. Bxd2 Bd7 10. 0-0 a6 11. Be2 Qf6 12. Qa3 h6 13. Bd3 Nge7 14. Rfe1 0-0 15. Rac1 Bg4 16. e5 Qe6 17. Nh4 Qd7 18. f4 Nf5 19. Nxf5 Bxf5 20. Be2 d3 21. Bf3 Nd4 22. Bd1 c6 23. Qc5 Rfd8 24. a4 Bg4 25. e6 Bxe6 26. Bc3 Qd5 27. Bxd4 Qxd4+ 28. Qxd4 Rxd4 29. Re3 Rad8 30. g3 Rb4 31. Rc3 Rxb2 32. Rcxd3 Rd2 33. Rxd2 Rxd2 34. Be2 Ra2 35. Re4 g6 36. g4 Kg7 37. h4 Rb2 38. h5 gxh5 39. f5 Bd5 40. Re7 hxg4 41. Bxg4 Rg2+ 0-1

[Event "Pardubice rapid op 34th"]
[Site "Pardubice"]
[Date "2023.07.19"]
[Round "1"]
[White "Lalith, Babu MR"]
[Black "Jires, Jiri"]
[Result "1-0"]
[WhiteElo "2537"]
[BlackElo "2144"]
[PlyCount "103"]
[EventDate "2023.07.19"]
[EventType "swiss (rapid)"]
[EventRounds "9"]
[EventCountry "CZE"]
[SourceTitle "CBM 215 Extra"]
[Source "ChessBase"]
[SourceDate "2023.09.30"]
[SourceVersion "1"]
[SourceVersionDate "2023.09.30"]
[SourceQuality "1"]

1. d4 d5 2. Nf3 Nf6 3. Bf4 c5 4. e3 e6 5. c3 Nc6 6. Nbd2 a6 7. Bd3 b6 8. 0-0 Be7 9. h3 Bb7 10. dxc5 Bxc5 11. Qe2 Bd6 12. Bxd6 Qxd6 13. Rfd1 0-0 14. e4 Ne5 15. Bc2 Nxf3+ 16. Nxf3 Qf4 17. e5 Ne4 18. Rd4 f6 19. exf6 Rxf6 20. c4 e5 21. Rxd5 Bxd5 22. cxd5 Nd6 23. Re1 e4 24. Nh2 Raf8 25. Ng4 Rf5 26. g3 Qg5 27. h4 Qg6 28. Rf1 h5 29. Ne3 Rf3 30. Ng2 Qf5 31. Bd1 Qe5 32. Qc2 R3f6 33. Qe2 g6 34. Qe3 Nf5 35. Qf4 Qxf4 36. Nxf4 Nd6 37. Ne6 Rc8 38. Bb3 Rf5 39. Re1 a5 40. Nd4 Re5 41. Nc6 Ree8 42. Re3 Kg7 43. Rc3 Nb5 44. Re3 Nd6 45. Bc2 Nc4 46. Rc3 Nxb2 47. d6 e3 48. fxe3 Rxc6 49. Rxc6 Rd8 50. a4 Kf7 51. Rxb6 Nc4 52. Bb3 1-0

[Event "Ostrava Konik op-A"]
[Site "Ostrava"]
[Date "2023.05.13"]
[Round "8"]
[White "Jacobsen, Mikkel Manosri"]
[Black "Jires, Jiri"]
[Result "1-0"]
[WhiteElo "2341"]
[BlackElo "2086"]
[PlyCount "59"]
[EventDate "2023.05.06"]
[EventType "swiss"]
[EventRounds "9"]
[EventCountry "CZE"]
[SourceTitle "CBM 214 Extra"]
[Source "ChessBase"]
[SourceDate "2023.07.31"]
[SourceVersion "1"]
[SourceVersionDate "2023.07.31"]
[SourceQuality "1"]

1. c4 Nf6 2. g3 g6 3. Bg2 Bg7 4. Nc3 d6 5. d4 0-0 6. h3 Nc6 7. Nf3 Rb8 8. 0-0 a6 9. d5 Na5 10. Nd2 c5 11. Rb1 b5 12. b3 e6 13. e4 exd5 14. cxd5 Re8 15. Qc2 Bd7 16. Nd1 Qc8 17. Kh2 h5 18. Bb2 h4 19. g4 Qd8 20. f4 Rc8 21. e5 dxe5 22. fxe5 Nh7 23. e6 fxe6 24. Qxg6 Qe7 25. Be4 Nf8 26. Rxf8+ Kxf8 27. Ne3 Qd6+ 28. Kh1 Bxb2 29. Rf1+ Ke7 30. Qg5+ 1-0

[Event "Pobeskydy Talents op 42nd"]
[Site "Frydek Mistek"]
[Date "2023.04.09"]
[Round "7"]
[White "Jires, Jiri"]
[Black "Adamski, Adam"]
[Result "1-0"]
[WhiteElo "2096"]
[BlackElo "1812"]
[PlyCount "23"]
[EventDate "2023.04.06"]
[EventType "swiss"]
[EventRounds "9"]
[EventCountry "CZE"]
[SourceTitle "EXT 2024"]
[Source "ChessBase"]
[SourceDate "2023.10.10"]
[SourceVersion "1"]
[SourceVersionDate "2023.10.10"]
[SourceQuality "1"]

1. e4 c6 2. d4 d5 3. Nc3 dxe4 4. Nxe4 Nf6 5. Ng3 h5 6. h4 Bg4 7. f3 Qd6 8. N1e2 Be6 9. Qd3 Qb4+ 10. c3 Bc4 11. Qf5 Qb5 12. Qc8# 1-0

[Event "Pobeskydy Talents op 42nd"]
[Site "Frydek Mistek"]
[Date "2023.04.06"]
[Round "1"]
[White "Jires, Jiri"]
[Black "Hronik, Petr"]
[Result "1-0"]
[WhiteElo "2096"]
[BlackElo "1919"]
[PlyCount "77"]
[EventDate "2023.04.06"]
[EventType "swiss"]
[EventRounds "9"]
[EventCountry "CZE"]
[SourceTitle "EXT 2024"]
[Source "ChessBase"]
[SourceDate "2023.10.10"]
[SourceVersion "1"]
[SourceVersionDate "2023.10.10"]
[SourceQuality "1"]

1. e4 d5 2. exd5 Nf6 3. d4 Bg4 4. Nf3 Qxd5 5. Be2 Nc6 6. 0-0 0-0-0 7. c3 e6 8. h3 Bf5 9. Bf4 h6 10. b4 Qe4 11. Be5 Bd6 12. Nbd2 Qc2 13. Qxc2 Bxc2 14. Nc4 Rhg8 15. b5 Ne7 16. Rac1 Bh7 17. Nxd6+ cxd6 18. Bh2 g5 19. c4 Ng6 20. c5 d5 21. b6 a6 22. c6 Nf4 23. Bxf4 gxf4 24. Ne5 Rg7 25. cxb7+ Kxb7 26. Rc7+ Kxb6 27. Rc6+ Ka7 28. Rfc1 Rdg8 29. Bf1 f3 30. g3 Rb8 31. Rxa6+ Kb7 32. Rcc6 Rc8 33. Rab6+ Ka7 34. Ra6+ Kb7 35. Rcb6+ Kc7 36. Rd6 Bg6 37. Rac6+ Kb7 38. Rb6+ Ka7 39. Rb3 1-0

[Event "Liberec op 22nd"]
[Site "Liberec"]
[Date "2023.02.27"]
[Round "5"]
[White "Jires, Jiri"]
[Black "Oglaza, Dawid"]
[Result "1/2-1/2"]
[WhiteElo "2106"]
[BlackElo "1798"]
[PlyCount "94"]
[EventDate "2023.02.24"]
[EventType "swiss"]
[EventRounds "9"]
[EventCountry "CZE"]
[SourceTitle "CBM 213 Extra"]
[Source "ChessBase"]
[SourceDate "2023.05.31"]
[SourceVersion "1"]
[SourceVersionDate "2023.05.31"]
[SourceQuality "1"]

1. e4 c5 2. Nf3 Nc6 3. d4 cxd4 4. Nxd4 Nf6 5. Nc3 d6 6. Bg5 e6 7. Qd3 a6 8. Nxc6 bxc6 9. 0-0-0 h6 10. Bh4 Be7 11. f4 d5 12. Be2 Rb8 13. exd5 cxd5 14. Kb1 Nd7 15. Bxe7 Qxe7 16. f5 0-0 17. Rhf1 Nf6 18. g4 Bd7 19. h3 Rfc8 20. Rf3 Qb4 21. b3 Ne4 22. Nxe4 dxe4 23. Qxd7 exf3 24. Bxf3 Qc3 25. Be4 Qf6 26. fxe6 Rd8 27. Qxf7+ Qxf7 28. exf7+ Kxf7 29. Bd3 a5 30. a4 Kg8 31. Kb2 Kh8 32. Rf1 Rf8 33. Rxf8+ Rxf8 34. Bf5 Re8 35. h4 Kg8 36. h5 Kf8 37. Kc3 Rb8 38. Kc4 Ke7 39. c3 Kd6 40. b4 axb4 41. cxb4 Kc6 42. a5 Re8 43. b5+ Kb7 44. Kb4 Re7 45. b6 Re5 46. Bd7 Re4+ 47. Kb5 Re5+ 1/2-1/2

[Event "Liberec op 22nd"]
[Site "Liberec"]
[Date "2023.02.25"]
[Round "2"]
[White "Topencik, Bruno"]
[Black "Jires, Jiri"]
[Result "0-1"]
[WhiteElo "1821"]
[BlackElo "2106"]
[PlyCount "76"]
[EventDate "2023.02.24"]
[EventType "swiss"]
[EventRounds "9"]
[EventCountry "CZE"]
[SourceTitle "CBM 213 Extra"]
[Source "ChessBase"]
[SourceDate "2023.05.31"]
[SourceVersion "1"]
[SourceVersionDate "2023.05.31"]
[SourceQuality "1"]

1. d4 Nf6 2. c4 g6 3. Nc3 Bg7 4. Nf3 0-0 5. e4 d6 6. Be3 e5 7. Qd2 exd4 8. Nxd4 Re8 9. f3 Nc6 10. Nxc6 bxc6 11. 0-0-0 Be6 12. g4 Nd7 13. Bd4 Bxd4 14. Qxd4 Qg5+ 15. Kb1 Qc5 16. Qd2 Ne5 17. Na4 Nxf3 18. Qe2 Qb4 19. Qxf3 Qxa4 20. Be2 Bxc4 21. Bxc4 Qxc4 22. Rhe1 Rab8 23. Rd2 c5 24. g5 Re5 25. Rc2 Qe6 26. h4 Re8 27. Rce2 Qc4 28. Re3 Qe6 29. R3e2 Qe7 30. Kc1 d5 31. Rf1 Rxe4 32. Rxe4 dxe4 33. Qe3 Qe6 34. Rf6 Qc4+ 35. Kd2 Rd8+ 36. Ke1 Qc2 37. Qe2 Qc1+ 38. Kf2 Rd2 0-1

[Event "CZE-chT2E 2223"]
[Site "Czech Republic"]
[Date "2023.02.19"]
[Round "9.2"]
[White "Mohapl, Tomas"]
[Black "Jires, Jiri"]
[Result "1/2-1/2"]
[WhiteElo "1970"]
[BlackElo "2103"]
[PlyCount "81"]
[EventDate "2022.10.16"]
[EventType "team-tourn"]
[EventRounds "11"]
[EventCountry "CZE"]
[SourceTitle "EXT 2024"]
[Source "ChessBase"]
[SourceDate "2023.10.10"]
[SourceVersion "1"]
[SourceVersionDate "2023.10.10"]
[SourceQuality "1"]
[WhiteTeam "Olomouc"]
[BlackTeam "Vyskov"]
[WhiteTeamCountry "CZE"]
[BlackTeamCountry "CZE"]

1. e4 e5 2. Nf3 Nc6 3. Bb5 a6 4. Ba4 Nf6 5. 0-0 Be7 6. Re1 b5 7. Bb3 0-0 8. c3 d5 9. exd5 Nxd5 10. Nxe5 Nxe5 11. Rxe5 c6 12. d4 Bd6 13. Re1 Qh4 14. g3 Qh3 15. Qf3 Bg4 16. Qg2 Qh5 17. Be3 Rae8 18. Nd2 Re7 19. Bxd5 cxd5 20. f3 Bh3 21. Qf2 Qg6 22. Nb3 Rfe8 23. Bd2 h5 24. Rxe7 Rxe7 25. Re1 Rxe1+ 26. Bxe1 Qb1 27. Qe2 Qxa2 28. Nc5 Qa1 29. g4 hxg4 30. Qe8+ Kh7 31. Nd3 Qd1 32. Qe3 Qxf3 33. Qxf3 gxf3 34. Bg3 Bxg3 35. hxg3 g5 36. Nb4 Bc8 37. Nxd5 Bb7 38. Ne3 Kg6 39. g4 Be4 40. Kf2 Kf6 41. b4 1/2-1/2

[Event "Zlin Region-chT 2223"]
[Site "Czech Republic"]
[Date "2023.02.12"]
[Round "8.3"]
[White "Jires, Jiri"]
[Black "Zgarba, Radek"]
[Result "1-0"]
[WhiteElo "2103"]
[BlackElo "1914"]
[PlyCount "31"]
[EventDate "2022.10.09"]
[EventType "team-tourn"]
[EventRounds "11"]
[EventCountry "CZE"]
[SourceTitle "EXT 2024"]
[Source "ChessBase"]
[SourceDate "2023.10.10"]
[SourceVersion "1"]
[SourceVersionDate "2023.10.10"]
[SourceQuality "1"]
[WhiteTeam "Borsice"]
[BlackTeam "Usti Sokol"]
[WhiteTeamCountry "CZE"]
[BlackTeamCountry "CZE"]

1. e4 c5 2. Nf3 d6 3. d4 cxd4 4. Nxd4 Nf6 5. Nc3 a6 6. Bg5 e6 7. Qd3 Nbd7 8. f4 Qc7 9. 0-0-0 b5 10. e5 dxe5 11. fxe5 b4 12. exf6 bxc3 13. Nxe6 Qe5 14. fxg7 Bxg7 15. Nxg7+ Qxg7 16. Qe3+ 1-0

[Event "CZE-chT2E 2223"]
[Site "Czech Republic"]
[Date "2023.01.22"]
[Round "7.1"]
[White "Jires, Jiri"]
[Black "Biolek, Richard Jr"]
[Result "0-1"]
[WhiteElo "2103"]
[BlackElo "2437"]
[PlyCount "80"]
[EventDate "2022.10.16"]
[EventType "team-tourn"]
[EventRounds "11"]
[EventCountry "CZE"]
[SourceTitle "EXT 2024"]
[Source "ChessBase"]
[SourceDate "2023.10.10"]
[SourceVersion "1"]
[SourceVersionDate "2023.10.10"]
[SourceQuality "1"]
[WhiteTeam "Vyskov"]
[BlackTeam "Grygov"]
[WhiteTeamCountry "CZE"]
[BlackTeamCountry "CZE"]

1. e4 e5 2. Nf3 Nc6 3. Bc4 Bc5 4. d3 Nf6 5. 0-0 a6 6. c3 d6 7. h3 Ba7 8. Bb3 h6 9. Be3 Qe7 10. Re1 Bxe3 11. Rxe3 Nh5 12. Nbd2 Nf4 13. Nf1 g5 14. N3h2 h5 15. f3 Bd7 16. a4 0-0-0 17. Bd5 Rdg8 18. b4 Nd8 19. d4 Rh6 20. c4 g4 21. fxg4 hxg4 22. hxg4 exd4 23. Qxd4 Bxg4 24. Ra2 Qe5 25. Qxe5 dxe5 26. Rg3 Rhg6 27. Rxg4 Rxg4 28. Nxg4 Rxg4 29. Ne3 Rg3 30. Kf2 Rg6 31. c5 Nd3+ 32. Kf3 Ne1+ 33. Kf2 Nd3+ 34. Kf3 Rf6+ 35. Nf5 Nxb4 36. Rd2 Ne6 37. Kg4 Nxc5 38. Kg5 Nxd5 39. Rxd5 Nxe4+ 40. Kg4 Re6 0-1

[Event "CZE-chT2E 2223"]
[Site "Czech Republic"]
[Date "2023.01.08"]
[Round "6.1"]
[White "Babula, Vlastimil1111"]
[Black "Jires, Jiri"]
[Result "1-0"]
[WhiteElo "2253"]
[BlackElo "2103"]
[PlyCount "95"]
[EventDate "2022.10.16"]
[EventType "team-tourn"]
[EventRounds "11"]
[EventCountry "CZE"]
[SourceTitle "EXT 2024"]
[Source "ChessBase"]
[SourceDate "2023.10.10"]
[SourceVersion "1"]
[SourceVersionDate "2023.10.10"]
[SourceQuality "1"]
[WhiteTeam "Kromeriz Slavia II"]
[BlackTeam "Vyskov"]
[WhiteTeamCountry "CZE"]
[BlackTeamCountry "CZE"]

1. e4 e5 2. Nf3 Nc6 3. Bc4 Nf6 4. d3 Be7 5. 0-0 0-0 6. Re1 d6 7. a4 Na5 8. Ba2 c5 9. c3 Nc6 10. h3 h6 11. d4 cxd4 12. cxd4 a6 13. Nc3 Re8 14. Qb3 Be6 15. d5 Na5 16. Qa3 Bd7 17. b4 b5 18. bxa5 Qxa5 19. axb5 axb5 20. Qxa5 Rxa5 21. Bb2 b4 22. Ne2 Nxe4 23. Nc1 Nc5 24. Bc4 Rxa1 25. Bxa1 Ra8 26. Nb3 Nxb3 27. Bxb3 Ra3 28. Bc4 Bf5 29. Bb2 Ra7 30. Bb3 Kh7 31. Nd2 Bg6 32. Nc4 f5 33. Ra1 Rxa1+ 34. Bxa1 f4 35. Na5 Be8 36. Bb2 Bd8 37. Nc4 Bc7 38. Bc1 Bf7 39. Nb2 Bb6 40. Nd3 Bc5 41. Nxc5 dxc5 42. d6 Be8 43. Be6 Kg6 44. d7 Bxd7 45. Bxd7 c4 46. g3 fxg3 47. fxg3 e4 48. Be6 1-0

[Event "Brno op"]
[Site "Brno"]
[Date "2022.11.17"]
[Round "6"]
[White "Muller, Maxime"]
[Black "Jires, Jiri"]
[Result "1/2-1/2"]
[WhiteElo "1848"]
[BlackElo "2088"]
[PlyCount "112"]
[EventDate "2022.11.12"]
[EventType "swiss"]
[EventRounds "9"]
[EventCountry "CZE"]
[SourceTitle "CBM 211 Extra"]
[Source "ChessBase"]
[SourceDate "2023.01.31"]
[SourceVersion "1"]
[SourceVersionDate "2023.01.31"]
[SourceQuality "1"]

1. e4 e5 2. Nf3 Nc6 3. Nc3 Nf6 4. d4 exd4 5. Nxd4 Bb4 6. Nxc6 bxc6 7. Bd3 d5 8. exd5 cxd5 9. 0-0 0-0 10. h3 c6 11. Qf3 Re8 12. Bf4 Bd6 13. Rfe1 Be6 14. a3 a5 15. Rab1 Rb8 16. Bxd6 Qxd6 17. Qg3 Qxg3 18. fxg3 Nd7 19. b4 axb4 20. axb4 f6 21. Na4 Ra8 22. Ra1 Bf7 23. Reb1 Ne5 24. Nc5 Bg6 25. Ra5 Rab8 26. b5 cxb5 27. Bxg6 hxg6 28. Raxb5 Rbc8 29. Rd1 Red8 30. c3 Rd6 31. Ne4 Rdc6 32. Rbxd5 Nc4 33. Rd7 Re6 34. Rd8+ Rxd8 35. Rxd8+ Kh7 36. Rd4 Rc6 37. Kf2 g5 38. Ke2 Kg6 39. g4 Ne5 40. Kd2 Ra6 41. Ke3 Ra2 42. Nd2 Rc2 43. c4 Kf7 44. g3 Rc3+ 45. Kf2 Rc2 46. Ke2 Ke6 47. h4 Rc3 48. Ne4 Rxc4 49. Rxc4 Nxc4 50. hxg5 fxg5 51. Nxg5+ Kf6 52. Ne4+ Ke5 53. Kf3 Nb6 54. g5 Nd5 55. g4 Nf4 56. Ng3 Ne6 1/2-1/2

[Event "Brno op"]
[Site "Brno"]
[Date "2022.11.12"]
[Round "1"]
[White "Jires, Jiri"]
[Black "Krystl, Jaromir"]
[Result "1-0"]
[WhiteElo "2088"]
[BlackElo "1636"]
[PlyCount "59"]
[EventDate "2022.11.12"]
[EventType "swiss"]
[EventRounds "9"]
[EventCountry "CZE"]
[SourceTitle "CBM 211 Extra"]
[Source "ChessBase"]
[SourceDate "2023.01.31"]
[SourceVersion "1"]
[SourceVersionDate "2023.01.31"]
[SourceQuality "1"]

1. e4 e5 2. Nf3 Nc6 3. Bc4 d6 4. Nc3 Be6 5. Bxe6 fxe6 6. d4 exd4 7. Nxd4 Qd7 8. Be3 Nf6 9. Qe2 Be7 10. 0-0-0 Nxd4 11. Bxd4 a6 12. Rhe1 0-0 13. f3 Qc6 14. e5 Nh5 15. exd6 Bg5+ 16. Kb1 Nf4 17. Qe5 Bh6 18. dxc7 Rf5 19. Qe4 Qxe4 20. fxe4 Rff8 21. Bc5 Rfe8 22. g3 Ng6 23. e5 Rac8 24. Bb6 Ne7 25. Rd7 Nc6 26. Na4 Rf8 27. a3 Bg5 28. Nc5 Rf7 29. Rxf7 Kxf7 30. Nxb7 1-0

[Event "Pobeskydy op 41st"]
[Site "Frydek Mistek"]
[Date "2022.04.18"]
[Round "9"]
[White "Jires, Jiri"]
[Black "Horak, Jan"]
[Result "1/2-1/2"]
[WhiteElo "2117"]
[BlackElo "2170"]
[PlyCount "37"]
[EventDate "2022.04.14"]
[EventType "swiss"]
[EventRounds "9"]
[EventCountry "CZE"]
[SourceTitle "CBM 207 Extra"]
[Source "ChessBase"]
[SourceDate "2022.05.31"]
[SourceVersion "1"]
[SourceVersionDate "2022.05.31"]
[SourceQuality "1"]

1. e4 e6 2. d4 d5 3. exd5 exd5 4. c4 c6 5. Nc3 Nf6 6. Nf3 Be7 7. cxd5 Nxd5 8. Bc4 0-0 9. 0-0 Nb6 10. Bb3 Bf5 11. Ne5 Bf6 12. Re1 N8d7 13. Qf3 Bxe5 14. dxe5 Bg6 15. e6 fxe6 16. Bxe6+ Kh8 17. Qg3 Nc5 18. Bg5 Qb8 19. Qxb8 1/2-1/2

[Event "CZE-chT2E 2122"]
[Site "Czech Republic"]
[Date "2022.02.13"]
[Round "8.2"]
[White "Jires, Jiri"]
[Black "Seidl, Stepan"]
[Result "1/2-1/2"]
[WhiteElo "2155"]
[BlackElo "2173"]
[PlyCount "71"]
[EventDate "2021.10.17"]
[EventType "team-tourn"]
[EventRounds "11"]
[EventCountry "CZE"]
[SourceTitle "EXT 2024"]
[Source "ChessBase"]
[SourceDate "2023.10.10"]
[SourceVersion "1"]
[SourceVersionDate "2023.10.10"]
[SourceQuality "1"]
[WhiteTeam "Borsice"]
[BlackTeam "Jihlava Gambit"]
[WhiteTeamCountry "CZE"]
[BlackTeamCountry "CZE"]

1. e4 c5 2. Nf3 Nc6 3. d4 cxd4 4. Nxd4 d6 5. Be2 Nf6 6. Nc3 Bd7 7. 0-0 g6 8. Be3 Bg7 9. f3 0-0 10. Qd2 Qa5 11. Nb3 Qd8 12. Bh6 Rc8 13. Bxg7 Kxg7 14. f4 Be6 15. Bf3 Qb6+ 16. Kh1 Bxb3 17. axb3 Rfd8 18. Ra4 e5 19. g4 Nd4 20. g5 Ne8 21. Bg4 f5 22. gxf6+ Nxf6 23. Bxc8 Rxc8 24. fxe5 dxe5 25. Qf2 Nh5 26. Qf7+ Kh6 27. Nd5 Qb5 28. Rxa7 Qe2 29. Nc3 Rxc3 30. Qf8+ Kg5 31. bxc3 Qxe4+ 32. Kg1 Qg4+ 33. Kf2 Qe2+ 34. Kg1 Qg4+ 35. Kf2 Qe2+ 36. Kg1 1/2-1/2

[Event "Brno op 10th"]
[Site "Brno"]
[Date "2021.11.27"]
[Round "9"]
[White "Barak, David"]
[Black "Jires, Jiri"]
[Result "1/2-1/2"]
[WhiteElo "2097"]
[BlackElo "2153"]
[PlyCount "22"]
[EventDate "2021.11.20"]
[EventType "swiss"]
[EventRounds "9"]
[EventCountry "CZE"]
[SourceTitle "CBM 205 Extra"]
[Source "ChessBase"]
[SourceDate "2022.01.31"]
[SourceVersion "1"]
[SourceVersionDate "2022.01.31"]
[SourceQuality "1"]

1. d4 Nf6 2. c4 g6 3. Nc3 Bg7 4. e4 d6 5. Nf3 0-0 6. Be2 e5 7. d5 a5 8. h3 Na6 9. Bg5 Nc5 10. Nd2 Bd7 11. 0-0 c6 1/2-1/2

[Event "Brno op 10th"]
[Site "Brno"]
[Date "2021.11.25"]
[Round "7"]
[White "Jires, Jiri"]
[Black "Stancik, Jakub"]
[Result "1-0"]
[WhiteElo "2153"]
[BlackElo "2079"]
[PlyCount "67"]
[EventDate "2021.11.20"]
[EventType "swiss"]
[EventRounds "9"]
[EventCountry "CZE"]
[SourceTitle "CBM 205 Extra"]
[Source "ChessBase"]
[SourceDate "2022.01.31"]
[SourceVersion "1"]
[SourceVersionDate "2022.01.31"]
[SourceQuality "1"]

1. e4 c5 2. Nc3 Nc6 3. Bb5 g6 4. Bxc6 dxc6 5. d3 Bg7 6. Be3 Qa5 7. Nge2 Nf6 8. f3 e5 9. Nc1 b6 10. Qd2 Be6 11. b3 Nh5 12. 0-0 f5 13. N1e2 Nf4 14. Rae1 0-0-0 15. Qc1 Nxe2+ 16. Nxe2 Qxa2 17. Qd2 Qa6 18. Ra1 Qb7 19. b4 c4 20. Qc3 fxe4 21. fxe4 Rhf8 22. Rfb1 Rd7 23. Ra4 Kb8 24. Rba1 Rdf7 25. h3 Rd7 26. Ra6 Rfd8 27. Nc1 Rd4 28. Qa3 R8d7 29. Ne2 Rxd3 30. cxd3 Rxd3 31. Rxa7 Rxa3 32. Rxb7+ Kxb7 33. Rxa3 Bf8 34. Bd2 1-0

[Event "Brno op 10th"]
[Site "Brno"]
[Date "2021.11.23"]
[Round "4"]
[White "Zuziak, Petr"]
[Black "Jires, Jiri"]
[Result "0-1"]
[WhiteElo "1781"]
[BlackElo "2153"]
[PlyCount "78"]
[EventDate "2021.11.20"]
[EventType "swiss"]
[EventRounds "9"]
[EventCountry "CZE"]
[SourceTitle "CBM 205 Extra"]
[Source "ChessBase"]
[SourceDate "2022.01.31"]
[SourceVersion "1"]
[SourceVersionDate "2022.01.31"]
[SourceQuality "1"]

1. Nf3 Nf6 2. g3 g6 3. Bg2 Bg7 4. d3 d5 5. 0-0 0-0 6. Nbd2 c5 7. e4 e6 8. Nh4 Nc6 9. f4 dxe4 10. Nxe4 Nxe4 11. dxe4 Qd4+ 12. Kh1 Rd8 13. Qe2 b6 14. Nf3 Qa4 15. Re1 Ba6 16. Qf2 Nb4 17. b3 Qe8 18. e5 Bb7 19. Bb2 Rd7 20. a3 Nc6 21. Rad1 Rad8 22. Qe2 Ne7 23. Rxd7 Qxd7 24. Ng5 Bxg2+ 25. Kxg2 Nf5 26. Ne4 Qd5 27. Kf2 Kf8 28. g4 Nd4 29. Bxd4 Qxd4+ 30. Qe3 Qb2 31. Qc3 Qxc3 32. Nxc3 f6 33. exf6 Bxf6 34. Nb5 Bh4+ 35. Ke2 Bxe1 36. Kxe1 Rd7 37. a4 Rf7 38. Kd2 a6 39. Nd6 Rd7 0-1

[Event "Brno op 10th"]
[Site "Brno"]
[Date "2021.11.22"]
[Round "3"]
[White "Jires, Jiri"]
[Black "Strapec, Lukas"]
[Result "1-0"]
[WhiteElo "2153"]
[BlackElo "1868"]
[PlyCount "91"]
[EventDate "2021.11.20"]
[EventType "swiss"]
[EventRounds "9"]
[EventCountry "CZE"]
[SourceTitle "CBM 205 Extra"]
[Source "ChessBase"]
[SourceDate "2022.01.31"]
[SourceVersion "1"]
[SourceVersionDate "2022.01.31"]
[SourceQuality "1"]

1. e4 c5 2. Nf3 e6 3. d3 Nc6 4. g3 Nf6 5. Bg2 d5 6. Qe2 Be7 7. 0-0 0-0 8. e5 Nd7 9. c4 Nb6 10. b3 f6 11. cxd5 Nxd5 12. Bb2 fxe5 13. Nxe5 Nxe5 14. Bxe5 Bf6 15. Rd1 Bxe5 16. Qxe5 Rf5 17. Qb2 Bd7 18. Na3 Bc6 19. Be4 Rf7 20. Rac1 b6 21. Nc4 Qf6 22. Ne5 Raf8 23. Rd2 Rc7 24. d4 Be8 25. dxc5 Rxc5 26. Rxc5 bxc5 27. Nd3 Qxb2 28. Rxb2 Nf6 29. Bg2 Nd7 30. Rc2 Bg6 31. Rc3 Rc8 32. Nf4 Bf5 33. h3 e5 34. Nd5 Kf7 35. Rf3 Ke6 36. Rxf5 Rd8 37. Rf3 e4 38. Nf4+ Ke5 39. Rc3 g5 40. Ne2 Rc8 41. Rc4 Nf6 42. Nc3 Kd6 43. b4 Rb8 44. bxc5+ Kc6 45. Nxe4 Kd5 46. Nd2+ 1-0

[Event "Brno op 10th"]
[Site "Brno"]
[Date "2021.11.21"]
[Round "2"]
[White "Svobodova, Michaela"]
[Black "Jires, Jiri"]
[Result "1-0"]
[WhiteElo "1934"]
[BlackElo "2153"]
[PlyCount "45"]
[EventDate "2021.11.20"]
[EventType "swiss"]
[EventRounds "9"]
[EventCountry "CZE"]
[SourceTitle "CBM 205 Extra"]
[Source "ChessBase"]
[SourceDate "2022.01.31"]
[SourceVersion "1"]
[SourceVersionDate "2022.01.31"]
[SourceQuality "1"]

1. e4 Nf6 2. e5 Nd5 3. d4 d6 4. c4 Nb6 5. Nc3 g6 6. Be3 Bg7 7. Rc1 Nc6 8. d5 Nxe5 9. Be2 0-0 10. b3 f6 11. f4 Nf7 12. Nf3 e5 13. dxe6 Bxe6 14. 0-0 Re8 15. Qd2 Qe7 16. Rfe1 Nh6 17. Nd4 Bg4 18. Bd3 Rad8 19. f5 Qf8 20. Ne6 Rxe6 21. fxe6 Re8 22. Nd5 Bxe6 23. Nxc7 1-0

[Event "Brno Trade op"]
[Site "Brno"]
[Date "2021.09.05"]
[Round "9"]
[White "Jires, Jiri"]
[Black "Fiala, Vaclav"]
[Result "0-1"]
[WhiteElo "2144"]
[BlackElo "2307"]
[PlyCount "74"]
[EventDate "2021.08.29"]
[EventType "swiss"]
[EventRounds "9"]
[EventCountry "CZE"]
[SourceTitle "CBM 204 Extra"]
[Source "ChessBase"]
[SourceDate "2021.11.30"]
[SourceVersion "1"]
[SourceVersionDate "2021.11.30"]
[SourceQuality "1"]

1. e4 d6 2. d4 g6 3. c4 Bg7 4. Nc3 Nf6 5. h3 0-0 6. Be3 c6 7. Nf3 e5 8. d5 c5 9. Bd3 a6 10. g4 Nbd7 11. Qd2 Re8 12. a4 Nf8 13. Rg1 Bd7 14. Bg5 Rb8 15. Nh4 Qc8 16. b3 Qc7 17. Rc1 Qa5 18. Nf5 gxf5 19. gxf5 Ng6 20. h4 Kh8 21. Bh6 Bxh6 22. Qxh6 Rg8 23. fxg6 Rxg6 24. Rxg6 fxg6 25. Qd2 Rf8 26. f4 Ng4 27. f5 gxf5 28. exf5 Bxf5 29. Bxf5 Rxf5 30. Ne4 Qd8 31. Ng5 h6 32. Qe2 Qf6 33. Qxg4 hxg5 34. hxg5 Rf1+ 35. Kd2 Qf2+ 36. Kd3 e4+ 37. Qxe4 Rxc1 0-1

[Event "Brno Trade op"]
[Site "Brno"]
[Date "2021.09.02"]
[Round "6"]
[White "Sipek, Michal"]
[Black "Jires, Jiri"]
[Result "0-1"]
[WhiteElo "2021"]
[BlackElo "2144"]
[PlyCount "44"]
[EventDate "2021.08.29"]
[EventType "swiss"]
[EventRounds "9"]
[EventCountry "CZE"]
[SourceTitle "CBM 204 Extra"]
[Source "ChessBase"]
[SourceDate "2021.11.30"]
[SourceVersion "1"]
[SourceVersionDate "2021.11.30"]
[SourceQuality "1"]

1. Nf3 Nf6 2. g3 g6 3. Bg2 Bg7 4. c4 0-0 5. Nc3 c6 6. 0-0 d5 7. d4 dxc4 8. Ne5 Ng4 9. Nxg4 Bxg4 10. h3 Be6 11. Be3 Qd7 12. Kh2 Rd8 13. Qc1 Na6 14. Rd1 Nc7 15. Bh6 f5 16. h4 b5 17. h5 Bf7 18. Bxg7 Kxg7 19. h6+ Kg8 20. d5 cxd5 21. Nxd5 Bxd5 22. Qc3 e6 0-1